000 00365nam a2200157Ia 4500
999 _c2672
_d2672
003 OSt
005 20190914130351.0
008 190902s9999||||xx |||||||||||||| ||und||
020 _a978-0273713630
040 _cmaju
100 _aVan Horne
245 0 _aFundamentals of Financial Management
260 _aIndia
_bS. Chand
_c1995
300 _a763
942 _cBK
_2ddc